| 000 | 00548nam a2200181Ia 4500 | ||
|---|---|---|---|
| 008 | 090201s9999 xx 000 0 und d | ||
| 010 | _aKPL-68577 | ||
| 040 | _bमराठी | ||
| 041 | _aमराठी | ||
| 082 |
_a47080 _b68577 |
||
| 100 | _aशरदिनी डहाणुकर | ||
| 245 |
_aफुलवा _cशरदिनी डहाणुकर |
||
| 250 | _a1 | ||
| 260 |
_c1991 _bपा़़ॅप्युलर प्रकाशन |
||
| 300 |
_a128 _bमध्यम |
||
| 600 | _aफुलवा | ||
| 942 | _cBOOK | ||
| 999 |
_c243808 _d243808 |
||